Compendio estadístico 1989

Kaydedildi:
Detaylı Bibliyografya
Müşterek Yazar: INE (Yazar)
Materyal Türü: Kitap
Dil:İspanyolca
Baskı/Yayın Bilgisi: Santiago INE 1989
Konular:
Etiketler: Etiketle
Etiket eklenmemiş, İlk siz ekleyin!

MARC

LEADER 00000nam a2200000 a 4500
001 UCV6047
003 CL-VaPUC
008 900406e19890000CL |||||||||||||||||spa|d
082 0 4 |a 304.602  |b INE  |2 21 
110 2 |a INE  |e author  |9 300281 
245 1 0 |a Compendio estadístico 1989 
300 |a 256 p 
942 |c BK 
945 |d 19900406 00:00:00 
260 |a Santiago  |b INE  |c 1989 
650 0 |a Estadísticas  |9 258644 
651 7 |a CHILE  |2 CL-VaPUC  |9 300282 
583 |a last modification  |c 19900406 00:00:00  |k Rodrigo Vera 
999 |c 212302  |d 212300 
952 |0 0  |1 0  |4 0  |6 304_602000000000000_INE_1989  |7 0  |8 F  |9 193040  |a BIBENE  |b BIBENE  |d 2019-11-14  |i 260714K  |o 304.602 INE 1989  |p 260714K  |r 2025-01-15  |w 2019-11-14  |y BK_F  |k ICO